Statistics for Largest Interstate Cities

Click here to take the quiz!

General Stats

  • This quiz has been taken 1,296 times
    (413 since last reset)
  • The average score is 36 of 67

Answer Stats

RouteCity% Correct
I-5Los Angeles
97%
I-10Los Angeles
97%
I-90Chicago
96%
I-57Chicago
96%
I-55Chicago
96%
I-94Chicago
96%
I-20Dallas
96%
I-30Dallas
96%
I-69Houston
94%
I-45Houston
94%
I-93Boston
89%
I-25Denver
88%
I-80San Francisco
88%
I-17Phoenix
87%
I-75Detroit
81%
I-96Detroit
81%
I-84 WPortland
81%
I-66Washington DC
81%
I-76Philadelphia
78%
I-24Nashville
77%
I-40Nashville
77%
I-15San Diego
77%
I-8San Diego
77%
I-77Charlotte
74%
I-85Charlotte
74%
I-35San Antonio
74%
I-37San Antonio
74%
I-74Indianapolis
71%
I-70Indianapolis
71%
I-65Indianapolis
71%
I-29Kansas City
71%
I-49Kansas City
71%
I-71Columbus
67%
I-83Baltimore
65%
I-4Tampa
64%
I-78New York City
61%
I-87New York City
61%
I-95New York City
61%
I-64Louisville
58%
I-43Milwaukee
57%
I-41Milwaukee
57%
I-44Oklahoma City
57%
I-59Birmingham
40%
I-19Tucson
38%
I-84 EHartford
31%
I-39Madison
29%
I-91Springfield
29%
I-72Springfield
29%
I-26Columbia
20%
I-81Syracuse
19%
I-16Savannah
18%
I-12Baton Rouge
16%
I-73Greensboro
15%
I-27Lubbock
14%
I-79Erie
11%
I-2McAllen
10%
I-89Concord
8%
I-88Aurora
7%
I-11Henderson
5%
I-86 EBinghamton
3%
I-68Morgantown
3%
I-99Altoona
2%
I-97Glen Burnie
2%
I-14Killeen
2%
I-22Tupelo
2%
I-82Yakima
2%
I-86 WPocatello
1%

Score Distribution

Percentile by Number Answered

Percent of People with Each Score

Your Score History

You have not taken this quiz since the last reset